Astronomical spectroscopy on M-type red giant stars /
محفوظ في:
| المؤلف الرئيسي: | |
|---|---|
| التنسيق: | أطروحة كتاب |
| اللغة: | English |
| منشور في: |
2014
|
| الموضوعات: | |
| الوصول للمادة أونلاين: | http://studentsrepo.um.edu.my/id/eprint/4894 |
| الوسوم: |
إضافة وسم
لا توجد وسوم, كن أول من يضع وسما على هذه التسجيلة!
|
| LEADER | 01239cam a2200313 i 4500 | ||
|---|---|---|---|
| 001 | u1009598 | ||
| 003 | SIRSI | ||
| 005 | 201501301533 | ||
| 008 | 150130s2014 my a m 000 0 eng | ||
| 040 | |a UMM |d AUM | ||
| 090 | |a QC3 |b UM 2014 Mohhms | ||
| 100 | 0 | |a Mohd Hafiz Mohd Saadon, |e author. | |
| 245 | 1 | 0 | |a Astronomical spectroscopy on M-type red giant stars / |c Mohd Hafiz bin Mohd Saadon |
| 264 | 1 | |c 2014 | |
| 300 | |a xiii, 103 leaves, 5 unnumbered leaves : |b illustration ; |c 30 cm | ||
| 336 | |a text |2 rdacontent | ||
| 337 | |a unmediated |2 rdamedia | ||
| 338 | |a volume |2 rdacarrier | ||
| 502 | |b M.Sc. |c Jabatan Fizik, Fakulti Sains, Universiti Malaya, |d 2014. | ||
| 504 | |a Bibliography: Includes bibliographical references. | ||
| 530 | |a Also issued in CD. | ||
| 650 | 0 | |a Astronomical spectroscopy | |
| 650 | 0 | |a Interstellar matter | |
| 710 | 2 | |a Universiti Malaya. |b Fakulti Sains. |e degree granting institution. | |
| 856 | 4 | 1 | |u http://studentsrepo.um.edu.my/id/eprint/4894 |
| 900 | |a NSR | ||
| 596 | |a 1 25 | ||
| 999 | |a QC3 UM 2014 MOHHMS |w LC |c 1 |i A516176247 |d 17/12/2015 |f 17/12/2015 |g 1 |l STACKS |m P01UTAMA |r Y |s Y |t TESIS |u 17/12/2015 |1 STEM | ||
| 999 | |a QC3 UM 2014 MOHHMS |w LC |c 1 |i A516487037 |l STACKS |m P25UMARCHI |r Y |s Y |t CD |u 11/4/2017 |1 STEM |2 GIFT | ||
